載入...
Modern micro economics
| 主要作者: | |
|---|---|
| 格式: | Printed Book |
| 語言: | Undetermined English |
| 出版: |
London
ELBS with Macmillan
2009
|
| 版: | 2 |
| 主題: |
| LEADER | 01475nam a2200277Ia 4500 | ||
|---|---|---|---|
| 008 | 140306s9999 xx 000 0 und d | ||
| 020 | |a 9780333778210 | ||
| 041 | |a eng | ||
| 082 | |a 338 .5 |b KOU/MO | ||
| 100 | |a Koutsoyiannis, A | ||
| 245 | |a Modern micro economics | ||
| 250 | |a 2 | ||
| 260 | |a London |b ELBS with Macmillan |c 2009 | ||
| 300 | |a 581 | ||
| 365 | |b Rs.315/- | ||
| 650 | |a Factor pricing | ||
| 650 | |a Linear programming | ||
| 650 | |a Welfare economics | ||
| 942 | |2 ddc |c BK | ||
| 999 | |c 180290 |d 180290 | ||
| 952 | |0 0 |1 0 |2 ddc |4 0 |6 338_000000000000000__5_KOU_MO |7 0 |9 185680 |a KAUCBV |b KAUCBV |d 2004-06-02 |g 315.00 |l 4 |o 338 .5 KOU/MO |r 2018-08-09 |s 2018-07-28 |w 2014-03-22 |y BK | ||
| 952 | |0 0 |1 0 |2 ddc |4 0 |6 338_000000000000000__5_KOU_MO |7 0 |9 185681 |a KAUCBV |b KAUCBV |d 2004-06-02 |g 315.00 |l 2 |o 338 .5 KOU/MO |r 2018-08-13 |s 2018-07-30 |w 2014-03-22 |y BK | ||
| 952 | |0 0 |1 0 |2 ddc |4 0 |6 338_000000000000000__5_KOU_MO |7 0 |9 185682 |a KAUCBV |b KAUCBV |d 2004-06-02 |g 315.00 |l 2 |o 338 .5 KOU/MO |r 2018-08-10 |s 2018-07-28 |w 2014-03-22 |y BK | ||
| 952 | |0 0 |1 0 |2 ddc |4 0 |6 338_000000000000000__5_KOU_MO |7 0 |9 185683 |a KAUCBV |b KAUCBV |d 2004-06-02 |g 315.00 |l 6 |o 338 .5 KOU/MO |r 2019-02-22 |s 2019-01-04 |w 2014-03-22 |y BK | ||
| 952 | |0 0 |1 0 |2 ddc |4 0 |6 338_000000000000000__5_KOU_MO |7 0 |9 185684 |a KAUCBV |b KAUCBV |d 2004-06-02 |g 315.00 |o 338 .5 KOU/MO |r 2014-03-22 |w 2014-03-22 |y BK | ||
| 952 | |0 0 |1 0 |2 ddc |4 0 |6 338_000000000000000__5_KOU_MO |7 0 |9 185685 |a KAUCBV |b KAUCBV |d 2004-06-02 |g 315.00 |l 5 |o 338 .5 KOU/MO |r 2018-09-03 |s 2018-07-25 |w 2014-03-22 |y BK | ||